000
00336 a2200157 4500
001
62205
020
_a
9788508146307
040
_c
Anchieta - Pituba
100
_a
Machado, Ana Maria
240
1
0
_a
Nas asas do mar
_l
por
245
1
0
_a
Nas asas do mar
300
_a
120
362
0
_a
2011
650
4
_a
Literatura juvenil
942
_c
BK
999
_c
62205
_d
62205